The specific risk of the UK real estate securities market (Record no. 80739)
[ view plain ]
| 000 -LEADER | |
|---|---|
| fixed length control field | 01250cab a22002175a 4500 |
| 001 - CONTROL NUMBER | |
| control field | L145226 |
| 008 - FIXED-LENGTH DATA ELEMENTS--GENERAL INFORMATION | |
| fixed length control field | 080917e2008 xxkad f s 000 0 eng d |
| 035 ## - SYSTEM CONTROL NUMBER | |
| System control number | (Sirsi) u145226 |
| 041 0# - LANGUAGE CODE | |
| Language code of text/sound track or separate title | eng |
| 100 1# - MAIN ENTRY--PERSONAL NAME | |
| Personal name | Kovac, Vladimir |
| 245 04 - TITLE STATEMENT | |
| Title | The specific risk of the UK real estate securities market |
| 260 ## - PUBLICATION, DISTRIBUTION, ETC. | |
| Date of publication, distribution, etc. | 2008 |
| 490 #0 - SERIES STATEMENT | |
| Series statement | Journal of Property Investment and Finance |
| Volume/sequential designation | 26(5) 2008, 399-417(19) |
| 520 ## - SUMMARY, ETC. | |
| Summary, etc. | Using the single index methodology (SIM) over the period 1986-2003, this article assesses the risk involved in the public real estate securities market. Seeks to identify which of four benchmark indices used in SIM best distinguishes between the systematic and specific factors impacting on the UK FTSE Real Estate Index (FTSEREI). Finds that the link between FTSEREI and all four indices has weakened over the observable period, and that there is an identifiable risk cycle. Concludes that the greater vulnerability of the public real estate market is a significant threat to its long-term sustainability. |
| 590 ## - LOCAL NOTE (RLIN) | |
| Local note | KA |
| 650 24 - SUBJECT ADDED ENTRY--TOPICAL TERM | |
| Topical term or geographic name entry element | FTSE REAL ESTATE INDEX (FTSEREI) |
| 651 #4 - SUBJECT ADDED ENTRY--GEOGRAPHIC NAME | |
| Geographic name | United Kingdom |
| Chronological subdivision | |
| 690 ## - LOCAL SUBJECT ADDED ENTRY--TOPICAL TERM (OCLC, RLIN) | |
| Topical term or geographic name as entry element | PROPERTY-PROPERTY FINANCE AND INVESTMENT-PROPERTY INVESTMENT MANAGEMENT |
| 700 1# - ADDED ENTRY--PERSONAL NAME | |
| Personal name | Lee, Stephen |
| 942 ## - ADDED ENTRY ELEMENTS (KOHA) | |
| Suppress in OPAC | 0 |
| Withdrawn status | Lost status | Source of classification or shelving scheme | Damaged status | Not for loan | Home library | Current library | Shelving location | Date acquired | Total Checkouts | Full call number | Barcode | Date last seen | Copy number | Price effective from | Koha item type |
|---|---|---|---|---|---|---|---|---|---|---|---|---|---|---|---|
| Dewey Decimal Classification | London | London | Journal article | 17/09/2008 | L145226 | 145226-1001 | 06/08/2019 | 1 | 06/08/2019 | Journal article |